Valuation of mines and mineral-bearing lands (Record no. 38478)

MARC details
000 -LEADER
fixed length control field 01219cab a2200241 4500
001 - CONTROL NUMBER
control field ABS31414
008 - FIXED-LENGTH DATA ELEMENTS--GENERAL INFORMATION
fixed length control field 090401t1981 xxu||||| |||| 00| 0 eng d
035 ## - SYSTEM CONTROL NUMBER
System control number (Sirsi) u61995
041 ## - LANGUAGE CODE
Language code of text/sound track or separate title eng
100 ## - MAIN ENTRY--PERSONAL NAME
Personal name Gentry, D.W.
245 ## - TITLE STATEMENT
Title Valuation of mines and mineral-bearing lands
260 ## - PUBLICATION, DISTRIBUTION, ETC.
Date of publication, distribution, etc. 1981
350 ## - PRICE (NR) (BK AM CF MU VM SE) [OBSOLETE]
Price 0
490 ## - SERIES STATEMENT
Series statement Valuation (ASA)
Volume/sequential designation 27(1) November 1981, 28-38(11)
520 ## - SUMMARY, ETC.
Summary, etc. Estimation of past, present or future mineral operations on mineral-bearing lands is a very difficult, time-consuming and often subjective process. It is important to recognise that no two mineral deposits are the same, and each deposit is unique in itself. Discusses the basic parameters affecting mine value determinations as well as the applicability of the cost, comparable sales and income approaches to mine value estimation. Recommends the income approach as calculated using discounted annual cash flow (DCF) analysis in conjunction with risk analysis via the Monte Carlo sampling technique. References.
650 ## - SUBJECT ADDED ENTRY--TOPICAL TERM
Topical term or geographic name entry element INCOME APPROACH
650 ## - SUBJECT ADDED ENTRY--TOPICAL TERM
Topical term or geographic name entry element MINERAL VALUATION
650 ## - SUBJECT ADDED ENTRY--TOPICAL TERM
Topical term or geographic name entry element VALUATION METHODS
690 ## - LOCAL SUBJECT ADDED ENTRY--TOPICAL TERM (OCLC, RLIN)
Topical term or geographic name as entry element MINING AND MINERALS
690 ## - LOCAL SUBJECT ADDED ENTRY--TOPICAL TERM (OCLC, RLIN)
Topical term or geographic name as entry element RATING AND VALUATION
942 ## - ADDED ENTRY ELEMENTS (KOHA)
Suppress in OPAC 0
948 ## - LOCAL PROCESSING INFORMATION (OCLC); SERIES PART DESIGNATOR (RLIN)
c (OCLC) 04/03/1997
Holdings
Withdrawn status Lost status Source of classification or shelving scheme Damaged status Not for loan Home library Current library Shelving location Date acquired Total Checkouts Full call number Barcode Date last seen Copy number Price effective from Koha item type
    Dewey Decimal Classification     London London Journal article 14/09/1999   ABS31414 61995-1001 06/08/2019 1 06/08/2019 Journal article